[Event "18th ECC w 2013"]
[Site "Rhodes GRE"]
[Date "2013.10.23"]
[Round "4.3"]
[White "Eric, Jovana"]
[Black "L'Ami, Alina"]
[Result "0-1"]
[WhiteTitle "WIM"]
[BlackTitle "WGM"]
[WhiteElo "2218"]
[BlackElo "2362"]
[WhiteTeam "Jelica PEP"]
[BlackTeam "CS Politechnica-Antibiotice Iasi"]
[WhiteFideId "938238"]
[BlackFideId "1210246"]
[EventDate "2013.10.20"]

1. e4 c5 2. Nf3 d6 3. d4 cxd4 4. Nxd4 Nf6 5. Nc3 a6 6. Be2 e5 7. Nb3 Be7 8. O-O
O-O 9. Be3 Be6 10. Qd2 Nbd7 11. a4 Nb6 12. a5 Nc4 13. Bxc4 Bxc4 14. Rfd1 Rc8 15.
Bb6 Qd7 16. Qe1 Qc6 17. Rd2 Nd7 18. Be3 f5 19. exf5 d5 20. Na2 Rxf5 21. Rdd1
Rcf8 22. f3 Qg6 23. Qg3 Qf7 24. Nac1 d4 25. Bf2 Rg5 26. Qh3 Be6 27. g4 Rxg4+ 28.
Bg3 Qxf3 29. Nd3 Bd5 30. Nf2 Qxf2# 0-1

[Event "18th ECC w 2013"]
[Site "Rhodes GRE"]
[Date "2013.10.23"]
[Round "4.4"]
[White "Zimina, Olga"]
[Black "Daulyte, Deimante"]
[Result "1-0"]
[WhiteTitle "IM"]
[BlackTitle "WGM"]
[WhiteElo "2337"]
[BlackElo "2364"]
[WhiteTeam "Fischer Chieti"]
[BlackTeam "MRU - Vilniaus Fortas"]
[WhiteFideId "4132190"]
[BlackFideId "12802859"]
[EventDate "2013.10.20"]

1. Nf3 d5 2. c4 d4 3. g3 Nc6 4. Bg2 e5 5. O-O Nf6 6. d3 Bd6 7. e3 O-O 8. exd4
Nxd4 9. Nxd4 exd4 10. Na3 Bg4 11. Qc2 c6 12. Re1 Qa5 13. Bd2 Qh5 14. b4 Bf3 15.
h3 Qf5 16. c5 Bc7 17. Qc4 Rad8 18. Nc2 Bd5 19. Bxd5 Rxd5 20. Kg2 Qd7 21. Re2 Re8
22. Rxe8+ Nxe8 23. Re1 Nf6 24. Bc1 h5 25. h4 Ng4 26. Re4 Ne5 27. Qb3 b6 28. Bb2
Qf5 29. Nxd4 Qd7 30. Qc3 f5 31. Re1 f4 32. Re4 bxc5 33. bxc5 Ng6 34. Nxc6 Rxd3
35. Ne7+ Qxe7 36. Qxd3 Qxc5 37. Re8+ Kf7 38. Rc8 Qc6+ 39. Kg1 fxg3 40. Qf5+ Ke7
41. Ba3+ 1-0

[Event "18th ECC w 2013"]
[Site "Rhodes GRE"]
[Date "2013.10.23"]
[Round "4.4"]
[White "Zaksaite, Salomeja"]
[Black "Brunello, Marina"]
[Result "1-0"]
[WhiteTitle "WIM"]
[BlackTitle "WIM"]
[WhiteElo "2184"]
[BlackElo "2263"]
[WhiteTeam "MRU - Vilniaus Fortas"]
[BlackTeam "Fischer Chieti"]
[WhiteFideId "12801496"]
[BlackFideId "822590"]
[EventDate "2013.10.20"]

1. e4 c5 2. Nf3 d6 3. d4 cxd4 4. Nxd4 Nf6 5. Nc3 a6 6. Bc4 e6 7. Bb3 b5 8. O-O
Be7 9. Qf3 Qb6 10. Be3 Qb7 11. Qg3 b4 12. Na4 O-O 13. f3 Bd7 14. Rfd1 Nc6 15.
Nb6 Nh5 16. Nxc6 Nxg3 17. Nxe7+ Kh8 18. hxg3 Rae8 19. Rxd6 Rxe7 20. Rad1 Bc6 21.
Bc5 Rg8 22. a4 bxa3 23. bxa3 Rc7 24. Be3 h6 25. c4 Rf8 26. c5 f5 27. Bxe6 fxe4
28. f4 Re7 29. f5 Ree8 30. g4 Bb5 31. Bd4 Rxe6 32. Rxe6 Be2 33. c6 Qc7 34. f6
Rd8 35. fxg7+ Kg8 36. Nd5 Qg3 37. c7 Ra8 38. Re7 Qh4 39. Nf6+ Qxf6 40. Bxf6 Bxd1
41. Rd7 1-0

[Event "18th ECC w 2013"]
[Site "Rhodes GRE"]
[Date "2013.10.23"]
[Round "4.4"]
[White "Gueci, Tea"]
[Black "Batkovskyte, Dominyka"]
[Result "0-1"]
[WhiteElo "2054"]
[BlackElo "2082"]
[WhiteTeam "Fischer Chieti"]
[BlackTeam "MRU - Vilniaus Fortas"]
[WhiteFideId "872342"]
[BlackFideId "12803243"]
[EventDate "2013.10.20"]

1. e4 e6 2. d4 d5 3. Nd2 c5 4. exd5 Qxd5 5. Ngf3 cxd4 6. Bc4 Qd7 7. O-O Nf6 8.
Nb3 Nc6 9. Nbxd4 Nxd4 10. Nxd4 a6 11. Bb3 Bc5 12. c3 O-O 13. Bg5 e5 14. Bxf6
gxf6 15. Nf3 Qxd1 16. Raxd1 Bf5 17. Bd5 Rab8 18. Nh4 Bg4 19. Rd3 Kh8 20. Rg3 Bh5
21. Re1 Rfd8 22. Rd3 Rd7 23. h3 Rbd8 24. c4 Bb4 25. Rc1 Be2 26. Rb3 a5 27. a3
Bd2 28. Rb1 a4 29. Rb6 Ba5 30. Rb5 b6 31. Rc1 Rc7 32. Nf5 Bd3 33. Ne3 f5 34. b4
axb3 35. Rxb3 Bd2 36. Rd1 Bxe3 37. Rdxd3 Bc5 38. Rf3 f4 39. g3 Rg8 40. Kf1 fxg3
41. fxg3 Kg7 42. Rf5 Re8 43. Rbf3 Ree7 44. Rg5+ Kf8 45. Be4 h6 46. Rg6 Bxa3 47.
Rxh6 Rxc4 48. Rh8+ Kg7 49. Rh7+ Kg8 50. Rh4 Rc1+ 51. Ke2 Bc5 52. Rf6 Rd7 53. Rc6
Kf8 54. Rh5 Rc3 55. Rxe5 Re3+ 56. Kf1 Rd1+ 57. Kf2 Rd2+ 58. Kf1 Rxg3 59. Rcxc5
bxc5 60. Rxc5 Rxh3 61. Ra5 Rhh2 62. Ra1 Kg7 63. Kg1 Rhe2 64. Bb7 Re7 65. Bg2
Ree2 66. Bb7 Re3 67. Rf1 Rg3+ 68. Kh1 Rb2 69. Be4 Rg5 70. Rf3 Rb4 71. Re3 f5 72.
Bg2 Rb1+ 73. Kh2 Rb2 74. Rg3 Kf6 75. Kh3 Rh5# 0-1

[Event "18th ECC w 2013"]
[Site "Rhodes GRE"]
[Date "2013.10.23"]
[Round "4.4"]
[White "Paulauskaite, Gintare"]
[Black "Di Primio, Eugenia"]
[Result "1-0"]
[WhiteElo "2053"]
[BlackElo "1982"]
[WhiteTeam "MRU - Vilniaus Fortas"]
[BlackTeam "Fischer Chieti"]
[WhiteFideId "12802964"]
[BlackFideId "821942"]
[EventDate "2013.10.20"]

1. e4 e5 2. Nf3 Nc6 3. Bb5 a6 4. Ba4 Nf6 5. O-O Be7 6. d4 exd4 7. e5 Ne4 8. Re1
Nc5 9. Bxc6 dxc6 10. Nxd4 O-O 11. Nc3 Re8 12. Be3 Bf8 13. f4 f6 14. Bf2 fxe5 15.
fxe5 Qg5 16. Qe2 Bh3 17. Bg3 Be6 18. Nxe6 Nxe6 19. Ne4 Qg6 20. Qc4 Kh8 21. Rad1
Rad8 22. Rf1 Rxd1 23. Rxd1 Qg4 24. Rf1 Ng5 25. Nd6 Qxc4 26. Nxc4 Bc5+ 27. Bf2
Bxf2+ 28. Rxf2 Kg8 29. Rd2 b5 30. Na5 Rxe5 31. Nxc6 Rc5 32. Nb8 Ne4 33. Nxa6 Rc6
34. Nb4 Rc4 35. Rd8+ Kf7 36. c3 Nf6 37. Rb8 c6 38. Rb6 c5 39. Nc6 Re4 40. Rxb5
Ng4 41. Kf1 Ne3+ 42. Ke2 Re8 43. Kf3 c4 44. Ne5+ Kf6 45. Kxe3 1-0

[Event "18th ECC w 2013"]
[Site "Rhodes GRE"]
[Date "2013.10.23"]
[Round "4.5"]
[White "Jacimovic, Sara"]
[Black "Hapala, Lisa"]
[Result "1-0"]
[WhiteElo "2000"]
[BlackElo "2018"]
[WhiteTeam "Rudar Prijedor"]
[BlackTeam "ASVOE Pamhagen"]
[WhiteFideId "14403668"]
[BlackFideId "1622080"]
[EventDate "2013.10.20"]

1. d4 d5 2. Nf3 Nf6 3. g3 c6 4. Bg2 Bf5 5. O-O e6 6. b3 Nbd7 7. Bb2 Bd6 8. Nbd2
O-O 9. c4 Qe7 10. Re1 Ba3 11. Qc1 Bxb2 12. Qxb2 a5 13. Rac1 h6 14. Ne5 Rfe8 15.
e4 Nxe4 16. Nxe4 Bxe4 17. Bxe4 dxe4 18. Rxe4 Red8 19. Nf3 Nf6 20. Re2 Rd7 21.
Ne5 Rdd8 22. h3 Qc7 23. Qc3 c5 24. dxc5 Qxc5 25. Qf3 b6 26. Qb7 Rf8 27. Nc6 Rac8
28. Ne7+ Kh7 29. Nxc8 Qxc8 30. Qxb6 Qa8 31. Qc7 Qf3 32. Re3 Qf5 33. Kg2 Ne4 34.
Rf3 Qg5 35. Re1 f5 36. Rxe4 1-0

[Event "18th ECC w 2013"]
[Site "Rhodes GRE"]
[Date "2013.10.23"]
[Round "4.5"]
[White "Horvath, Maria"]
[Black "Djukic, Sandra"]
[Result "0-1"]
[WhiteTitle "WFM"]
[WhiteElo "2036"]
[BlackElo "2150"]
[WhiteTeam "ASVOE Pamhagen"]
[BlackTeam "Rudar Prijedor"]
[WhiteFideId "1601660"]
[BlackFideId "931390"]
[EventDate "2013.10.20"]

1. d4 Nf6 2. c4 g6 3. Nc3 Bg7 4. e4 d6 5. f3 O-O 6. Be3 Nbd7 7. Qd2 c5 8. Nge2
a6 9. d5 Ne5 10. Nc1 e6 11. a4 exd5 12. cxd5 h5 13. Be2 Nh7 14. O-O b6 15. h3 h4
16. f4 Nd7 17. Nd3 f5 18. Bf3 Bb7 19. Rae1 Re8 20. Bf2 Qf6 21. Re2 c4 22. Nb4
Nc5 23. e5 dxe5 24. fxe5 Rxe5 25. Rxe5 Qxe5 26. Re1 Qf6 27. Nc6 Ng5 28. Ne7+ Kh7
29. Qf4 Nxf3+ 30. gxf3 Nd3 31. Qc7 Nxe1 32. Bxe1 Re8 33. d6 Qg5+ 34. Kf1 Bxf3
35. Bf2 Qc1+ 36. Be1 Qxb2 0-1

[Event "18th ECC w 2013"]
[Site "Rhodes GRE"]
[Date "2013.10.24"]
[Round "5.1"]
[White "Hou, Yifan"]
[Black "Lagno, Kateryna"]
[Result "1/2-1/2"]
[WhiteTitle "GM"]
[BlackTitle "GM"]
[WhiteElo "2621"]
[BlackElo "2534"]
[WhiteTeam "Cercle d'Echecs de Monte-Carlo"]
[BlackTeam "CS Politechnica-Antibiotice Iasi"]
[WhiteFideId "8602980"]
[BlackFideId "14109336"]
[EventDate "2013.10.20"]

1. e4 e6 2. d4 d5 3. Nd2 c5 4. exd5 Qxd5 5. dxc5 Qxc5 6. Ne4 Qc7 7. Nf3 Nd7 8.
Bd3 Ngf6 9. Nxf6+ Nxf6 10. O-O Be7 11. b3 O-O 12. Bb2 Nd7 13. c4 Bf6 14. Qc2
Bxb2 15. Qxb2 b6 16. Be4 Bb7 17. Bxb7 Qxb7 18. Rad1 Nf6 19. Rd4 Rfd8 20. Rfd1
Qe7 21. Ne5 Rxd4 22. Qxd4 Rc8 23. h3 h6 24. Qd6 Qxd6 25. Rxd6 Kf8 26. Kf1 Ke7
27. Rd4 Rc7 28. Ke2 Nd7 29. Nd3 Nb8 30. Nb4 a5 31. Nc2 Nc6 32. Rd2 Rd7 33. Rxd7+
Kxd7 34. a3 Kd6 35. Kd3 e5 36. Ne3 Ne7 37. g4 g6 38. b4 axb4 39. axb4 f5 40. f3
h5 1/2-1/2

[Event "18th ECC w 2013"]
[Site "Rhodes GRE"]
[Date "2013.10.24"]
[Round "5.1"]
[White "Cmilyte, Viktorija"]
[Black "Koneru, Humpy"]
[Result "1/2-1/2"]
[WhiteTitle "GM"]
[BlackTitle "GM"]
[WhiteElo "2505"]
[BlackElo "2607"]
[WhiteTeam "CS Politechnica-Antibiotice Iasi"]
[BlackTeam "Cercle d'Echecs de Monte-Carlo"]
[WhiteFideId "12801259"]
[BlackFideId "5008123"]
[EventDate "2013.10.20"]

1. Nf3 Nf6 2. c4 e6 3. Nc3 Bb4 4. Qc2 O-O 5. a3 Bxc3 6. Qxc3 b6 7. e3 Bb7 8. b4
d6 9. Bb2 Nbd7 10. Be2 c5 11. O-O Rc8 12. d4 Qe7 13. dxc5 dxc5 14. Rfd1 Rfd8 15.
b5 a5 16. Nd2 Ne8 17. f3 Nf8 18. Nf1 Rxd1 19. Rxd1 Rd8 20. Rd3 f6 21. Rxd8 Qxd8
22. Qc2 Nd6 23. Bd3 e5 24. Ng3 Qe7 25. h4 Qf7 26. Nf5 Qe6 27. h5 Nxf5 28. Bxf5
Qd6 29. Kf2 Kf7 30. Qd3 Qxd3 31. Bxd3 g6 32. hxg6+ hxg6 33. g3 Nd7 34. f4 f5 35.
a4 Ke6 36. g4 Nf6 37. gxf5+ gxf5 38. Ke2 Ng4 39. Bc2 Bg2 40. Bd1 e4 41. Kd2 Bf3
42. Be2 Kd6 43. Bg7 Ke7 44. Bc3 Kd6 45. Bg7 Ke7 46. Bc3 1/2-1/2

[Event "18th ECC w 2013"]
[Site "Rhodes GRE"]
[Date "2013.10.24"]
[Round "5.1"]
[White "Muzychuk, Anna"]
[Black "Bulmaga, Irina"]
[Result "1-0"]
[WhiteTitle "GM"]
[BlackTitle "IM"]
[WhiteElo "2560"]
[BlackElo "2401"]
[WhiteTeam "Cercle d'Echecs de Monte-Carlo"]
[BlackTeam "CS Politechnica-Antibiotice Iasi"]
[WhiteFideId "14111330"]
[BlackFideId "13903063"]
[EventDate "2013.10.20"]

1. e4 c5 2. c4 d6 3. Ne2 e5 4. Nbc3 Nf6 5. d3 h6 6. g3 Bg4 7. Bg2 Nc6 8. h3 Bxe2
9. Qxe2 Nd4 10. Qd1 Be7 11. O-O a6 12. Be3 Qd7 13. b4 cxb4 14. Bxd4 bxc3 15.
Bxc3 O-O 16. a4 b5 17. cxb5 axb5 18. a5 Rfb8 19. Qd2 Ra6 20. Rfb1 Qa7 21. Rb3
Bd8 22. Bf1 Bc7 23. Qb2 d5 24. exd5 b4 25. Rxb4 Rxb4 26. Bxb4 Nxd5 27. Be1 Qd4
28. Ra2 Ra7 29. Qb5 Nc3 30. Qe8+ Kh7 31. Bxc3 Qxc3 32. Qxf7 Qc1 33. Qf5+ Kg8 34.
Qe6+ Kf8 35. Ra4 Qg5 36. a6 Qd8 37. Bg2 Qxd3 38. Bd5 Qd1+ 39. Kg2 Bb6 40. Rc4
Bd8 41. Qg8+ 1-0

[Event "18th ECC w 2013"]
[Site "Rhodes GRE"]
[Date "2013.10.24"]
[Round "5.1"]
[White "L'Ami, Alina"]
[Black "Skripchenko, Almira"]
[Result "1/2-1/2"]
[WhiteTitle "WGM"]
[BlackTitle "IM"]
[WhiteElo "2362"]
[BlackElo "2441"]
[WhiteTeam "CS Politechnica-Antibiotice Iasi"]
[BlackTeam "Cercle d'Echecs de Monte-Carlo"]
[WhiteFideId "1210246"]
[BlackFideId "13900145"]
[EventDate "2013.10.20"]

1. d4 e6 2. c4 f5 3. Nc3 Nf6 4. g3 Be7 5. Bg2 O-O 6. Nf3 d6 7. O-O a5 8. Qc2 Nc6
9. a3 e5 10. d5 Nb8 11. Rb1 Qe8 12. b4 axb4 13. axb4 Qh5 14. c5 Na6 15. Qa2 e4
16. Nd4 Kh8 17. b5 dxc5 18. Nb3 f4 19. Bxf4 Bh3 20. bxa6 Rxa6 21. Qc2 Bxg2 22.
Kxg2 Nxd5 23. Nxd5 Qxd5 24. Rfd1 Qf5 25. Qc4 Rg6 26. Be3 b6 27. Qd5 Qg4 28. Nd2
Qxe2 29. Qxe4 Re6 30. Re1 Rxf2+ 31. Bxf2 Rxe4 32. Rxe2 Rxe2 33. Re1 Rxe1 34.
Bxe1 Kg8 35. Kf3 Kf7 36. Ke4 Ke6 37. Bf2 Bf6 38. Be3 Bc3 39. Nf3 h6 40. g4 Bf6
41. Bf4 c6 42. Ne5 Bxe5 43. Bxe5 g6 44. Bf4 h5 45. g5 b5 46. Be3 Kd6 47. Bf2 c4
48. Kd4 Ke6 49. Be1 Kf5 50. Bd2 Ke6 51. Kc5 Kf5 52. Bc1 Kg4 53. Kxc6 Kh3 54.
Kxb5 Kxh2 55. Kxc4 Kg3 56. Kd5 h4 57. Ke6 h3 58. Ke5 h2 59. Bf4+ Kg4 60. Bxh2
Kxg5 1/2-1/2

[Event "18th ECC w 2013"]
[Site "Rhodes GRE"]
[Date "2013.10.24"]
[Round "5.2"]
[White "Ushenina, Anna"]
[Black "Kosteniuk, Alexandra"]
[Result "1/2-1/2"]
[WhiteTitle "GM"]
[BlackTitle "GM"]
[WhiteElo "2497"]
[BlackElo "2495"]
[WhiteTeam "Ugra"]
[BlackTeam "SHSM Nashe Nasledie"]
[WhiteFideId "14110911"]
[BlackFideId "4128125"]
[EventDate "2013.10.20"]

1. d4 d5 2. c4 e6 3. Nc3 Be7 4. Nf3 Nf6 5. Bg5 h6 6. Bh4 O-O 7. e3 b6 8. Qc2 Bb7
9. Rd1 Nbd7 10. Be2 dxc4 11. Bxc4 a6 12. a3 c5 13. Ba2 Qc7 14. O-O Rfd8 15. Bb1
Nf8 16. Bg3 Qc6 17. dxc5 Qxc5 18. Rxd8 Rxd8 19. Rd1 Nh5 20. Rxd8 Bxd8 21. Qd3
Be7 22. Bb8 b5 23. Qd4 Nf6 24. Qxc5 Bxc5 25. Nd2 N8d7 26. Bc7 b4 27. axb4 Bxb4
28. Nde4 Ne8 29. Bd8 f5 30. Na2 Bf8 31. Nec3 Nd6 32. Nc1 Kf7 33. Nd3 g5 34. Ba2
Ne4 35. Ne2 Nec5 36. Nxc5 Nxc5 37. Nd4 Bc8 38. Bc7 Kf6 39. b4 Nd3 40. b5 e5 41.
Bd8+ Kg6 42. Be6 exd4 43. Bxc8 dxe3 44. fxe3 axb5 45. Ba6 Bc5 46. Bxb5 Bxe3+ 47.
Kf1 Nf4 48. Be8+ Kg7 49. Bd7 Kg6 50. Be8+ Kg7 51. Bd7 Kg6 1/2-1/2

[Event "18th ECC w 2013"]
[Site "Rhodes GRE"]
[Date "2013.10.24"]
[Round "5.2"]
[White "Romanko, Marina"]
[Black "Girya, Olga"]
[Result "1/2-1/2"]
[WhiteTitle "IM"]
[BlackTitle "WGM"]
[WhiteElo "2359"]
[BlackElo "2439"]
[WhiteTeam "Ugra"]
[BlackTeam "SHSM Nashe Nasledie"]
[WhiteFideId "4149351"]
[BlackFideId "4195752"]
[EventDate "2013.10.20"]

1. d4 d5 2. c4 c6 3. Nf3 Nf6 4. e3 Bf5 5. Nc3 e6 6. Nh4 Bg6 7. Nxg6 hxg6 8. Bd3
Nbd7 9. O-O Be7 10. Bd2 O-O 11. Rc1 a6 12. c5 e5 13. f3 Nh7 14. b4 Bf6 15. Ne2
Ng5 16. Bb1 exd4 17. exd4 Re8 18. Rf2 Ne6 19. Bc3 Qb8 20. g3 Bg5 21. Bd2 Bf6 22.
Bc3 Bg5 23. Bd2 a5 24. a3 axb4 25. axb4 Bf6 26. Bc3 Ra3 27. Kg2 b5 28. h4 Bd8
29. Bb2 Re3 30. Rc3 Rxc3 31. Bxc3 Nf6 32. Rf1 Bc7 33. Be1 Nh5 34. Bf2 Qa7 35.
Qd2 Ra8 36. Rc1 Qb8 37. Qc3 Ra7 38. Rc2 Qa8 39. Qd2 Bd8 40. Ra2 g5 41. Rxa7 Qxa7
42. hxg5 Bxg5 43. Be3 Bxe3 44. Qxe3 Nf6 45. Bf5 Nf8 46. g4 g6 47. g5 Nh5 48. Bg4
Ng7 49. Nf4 Qa2+ 50. Kg3 Qb2 51. Nd3 Qc3 52. Kf4 Nfe6+ 53. Bxe6 Nxe6+ 54. Kg3
Qxd4 55. Qxd4 Nxd4 56. Kf4 Kg7 57. Ke5 Nxf3+ 58. Kd6 Nd4 59. Ne5 f6 60. gxf6+
Kxf6 61. Nxc6 Nxc6 62. Kxc6 d4 63. Kxb5 d3 64. c6 Ke7 65. Kb6 d2 66. c7 d1=Q 67.
c8=Q Qd6+ 1/2-1/2

[Event "18th ECC w 2013"]
[Site "Rhodes GRE"]
[Date "2013.10.24"]
[Round "5.2"]
[White "Savina, Anastasia"]
[Black "Shadrina, Tatiana"]
[Result "1-0"]
[WhiteTitle "IM"]
[BlackTitle "WGM"]
[WhiteElo "2403"]
[BlackElo "2364"]
[WhiteTeam "SHSM Nashe Nasledie"]
[BlackTeam "Ugra"]
[WhiteFideId "4196872"]
[BlackFideId "4119118"]
[EventDate "2013.10.20"]

1. d4 Nf6 2. c4 e6 3. Nf3 d5 4. Nc3 c6 5. e3 Nbd7 6. Qc2 Bb4 7. Bd3 c5 8. O-O
O-O 9. a3 cxd4 10. axb4 dxc3 11. bxc3 dxc4 12. Bxc4 b6 13. Be2 Bb7 14. c4 Qe7
15. Bb2 e5 16. Rfd1 Rfc8 17. Qf5 Be4 18. Qg5 h6 19. Qh4 Rc7 20. Ba3 Qe6 21. Rac1
Rac8 22. Bb2 Qf5 23. Ne1 Bb7 24. f3 Ba6 25. b5 Bb7 26. Rd6 e4 27. f4 Qc5 28. Rd4
Qb4 29. Bc3 Qa3 30. Bd2 Nc5 31. Nc2 Qb2 32. Qe1 Nb3 33. Qd1 Nxd4 34. Nxd4 Rd7
35. Bc3 Qa3 36. Qe1 Qc5 37. Bb4 Qc7 38. Ra1 Ra8 39. Nf5 Ne8 40. Qh4 f6 41. c5
bxc5 42. Ba5 Qb8 43. Qg4 Bc8 44. Qg6 Nd6 45. Bh5 Rb7 46. Nxd6 Qxd6 47. Rd1 Bf5
48. Qxf5 Qe7 49. Qd5+ Kh7 50. Bd8 Rxd8 51. Qxd8 Qxd8 52. Rxd8 g6 53. Be2 Rc7 54.
Bc4 1-0

[Event "18th ECC w 2013"]
[Site "Rhodes GRE"]
[Date "2013.10.24"]
[Round "5.3"]
[White "Harika, Dronavalli"]
[Black "Bojkovic, Natasa"]
[Result "1/2-1/2"]
[WhiteTitle "GM"]
[BlackTitle "IM"]
[WhiteElo "2475"]
[BlackElo "2414"]
[WhiteTeam "Mika Chess Club"]
[BlackTeam "Chess Club BAS"]
[WhiteFideId "5015197"]
[BlackFideId "908550"]
[EventDate "2013.10.20"]

1. d4 Nf6 2. c4 e6 3. Nf3 b6 4. g3 Bb4+ 5. Bd2 Be7 6. Bg2 c6 7. O-O d5 8. Bf4
O-O 9. Nc3 Bb7 10. Rc1 dxc4 11. Ne5 Nd5 12. Nxc4 Nxf4 13. gxf4 Nd7 14. e3 Nf6
15. Ne5 Nd5 16. Ne4 Rc8 17. a3 Bd6 18. Kh1 f6 19. Nd3 Bb8 20. Qh5 Ba6 21. Rcd1
Qe7 22. Rg1 f5 23. Ng3 Nf6 24. Qf3 Bc4 25. Ne5 Bd5 26. Qe2 Rfd8 27. Bxd5 Rxd5
28. f3 c5 29. dxc5 Rdxc5 30. Nd3 Rc2 31. Rd2 Rxd2 32. Qxd2 Qd7 33. Qe2 Qb5 34.
Rd1 Qb3 35. Nc1 Qa4 36. Nd3 Qb3 37. Nc1 Qa4 38. Nd3 Qb3 1/2-1/2

[Event "18th ECC w 2013"]
[Site "Rhodes GRE"]
[Date "2013.10.24"]
[Round "5.3"]
[White "Gaponenko, Inna"]
[Black "Mkrtchian, Lilit"]
[Result "1-0"]
[WhiteTitle "IM"]
[BlackTitle "IM"]
[WhiteElo "2400"]
[BlackElo "2469"]
[WhiteTeam "Chess Club BAS"]
[BlackTeam "Mika Chess Club"]
[WhiteFideId "14101181"]
[BlackFideId "13300601"]
[EventDate "2013.10.20"]

1. e4 c5 2. Nf3 e6 3. c3 d5 4. exd5 exd5 5. d4 Nc6 6. Bb5 Bd6 7. O-O Ne7 8. dxc5
Bxc5 9. Nbd2 O-O 10. Nb3 Bb6 11. Re1 Bg4 12. h3 Bh5 13. Be3 Bc7 14. Bc5 Re8 15.
Bxc6 bxc6 16. Nbd4 Bd6 17. Nxc6 Nxc6 18. Rxe8+ Qxe8 19. Bxd6 Rd8 20. Bc7 Rd7 21.
Bg3 Qe4 22. Qd2 f6 23. Re1 Qc4 24. b3 Qc5 25. Nd4 Nxd4 26. cxd4 Qc8 27. Qa5 Qc6
28. Qc5 Qb7 29. b4 h6 30. b5 Bg6 31. a4 Qb6 32. Qxb6 axb6 33. a5 bxa5 34. b6 Rb7
35. Bc7 a4 36. Re3 Kf8 37. Kf1 Be8 38. Ke1 g5 39. Kd2 Bb5 40. Kc3 f5 41. Re1 Kf7
42. Kb4 Bd7 43. Kc5 1-0

[Event "18th ECC w 2013"]
[Site "Rhodes GRE"]
[Date "2013.10.24"]
[Round "5.3"]
[White "Danielian, Elina"]
[Black "Stojanovic, Andjelija"]
[Result "1-0"]
[WhiteTitle "GM"]
[BlackTitle "WGM"]
[WhiteElo "2471"]
[BlackElo "2302"]
[WhiteTeam "Mika Chess Club"]
[BlackTeam "Chess Club BAS"]
[WhiteFideId "13300210"]
[BlackFideId "928682"]
[EventDate "2013.10.20"]

1. d4 Nf6 2. Nf3 g6 3. g3 Bg7 4. Bg2 O-O 5. O-O d6 6. c4 Nc6 7. Nc3 Bf5 8. Ne1
Qd7 9. e4 Bh3 10. Nc2 Bxg2 11. Kxg2 Na5 12. b3 c5 13. dxc5 dxc5 14. e5 Qc6+ 15.
Kg1 Nd7 16. f4 Rfe8 17. Bb2 a6 18. Qd3 Rab8 19. Rad1 Nf8 20. Nd5 b5 21. Qc3 Nb7
22. Nce3 Nd7 23. Ng4 h5 24. Nh6+ Kf8 25. Nxf7 b4 26. Qe3 Kxf7 27. e6+ Qxe6 28.
Qxe6+ Kxe6 29. Bxg7 Kf7 30. Bb2 Nf6 31. f5 g5 32. Nc7 Rg8 33. Rfe1 Rbc8 34. Bxf6
Rxc7 35. Be5 Rcc8 36. Rd7 Nd8 37. Bd6 Kf6 38. Bxe7+ Kxf5 39. Rd5+ Kg6 40. Rxg5+ 1-0

[Event "18th ECC w 2013"]
[Site "Rhodes GRE"]
[Date "2013.10.24"]
[Round "5.3"]
[White "Chelushkina, Irina"]
[Black "Javakhishvili, Lela"]
[Result "0-1"]
[WhiteTitle "WGM"]
[BlackTitle "IM"]
[WhiteElo "2280"]
[BlackElo "2435"]
[WhiteTeam "Chess Club BAS"]
[BlackTeam "Mika Chess Club"]
[WhiteFideId "928615"]
[BlackFideId "13601458"]
[EventDate "2013.10.20"]

1. g3 d5 2. Bg2 Nc6 3. d4 Bg4 4. c3 Qd7 5. Nd2 e5 6. h3 Be6 7. dxe5 Nxe5 8. Ngf3
Nxf3+ 9. Nxf3 Bc5 10. Ne5 Qe7 11. O-O Nf6 12. Nd3 Bb6 13. Qa4+ c6 14. Bg5 O-O
15. Qh4 Bd8 16. a4 Bf5 17. Be3 Qd7 18. Nc5 Qc8 19. Qb4 b6 20. g4 a5 21. Qf4 Bg6
22. Nd3 Bc7 23. Qg5 Ne4 24. Qh4 Bd8 25. g5 Re8 26. Qg4 Bf5 27. Qh5 Bg6 28. Qg4
Bf5 29. Qh5 Ng3 30. fxg3 Rxe3 31. Rf3 g6 32. Qh6 Rxf3 33. Bxf3 Bxd3 34. exd3 Qf5 0-1

[Event "18th ECC w 2013"]
[Site "Rhodes GRE"]
[Date "2013.10.24"]
[Round "5.4"]
[White "Nesic, Dragana"]
[Black "Daulyte, Deimante"]
[Result "0-1"]
[BlackTitle "WGM"]
[WhiteElo "1842"]
[BlackElo "2364"]
[WhiteTeam "Rudar Prijedor"]
[BlackTeam "MRU - Vilniaus Fortas"]
[WhiteFideId "14403200"]
[BlackFideId "12802859"]
[EventDate "2013.10.20"]

1. e4 d5 2. exd5 Qxd5 3. Nc3 Qa5 4. d4 Nf6 5. Bc4 Bg4 6. Nf3 e6 7. O-O Nc6 8. h3
Bh5 9. Bb5 Bb4 10. Qd3 O-O 11. Bxc6 bxc6 12. Ne4 Nxe4 13. Qxe4 Qd5 14. Qxd5 cxd5
15. c3 Bd6 16. Ne5 f6 17. Nc6 a5 18. b4 axb4 19. Nxb4 Ra4 20. a3 Kf7 21. f4 Be2
22. Re1 Bc4 23. g3 h6 24. Kg2 g5 25. Kf3 Rb8 26. Bb2 gxf4 27. gxf4 c5 28. dxc5
Bxc5 29. Rac1 Re8 30. Rcd1 Rc8 31. Rc1 Bd6 32. Rcd1 Ra5 33. Bc1 e5 34. fxe5 fxe5
35. Bb2 Ke6 36. Rd2 e4+ 37. Kg2 Bf4 38. Rd4 Ra7 39. Kh1 Rg7 40. Nc2 Rg3 41. Rdd1
Rxh3+ 0-1

[Event "18th ECC w 2013"]
[Site "Rhodes GRE"]
[Date "2013.10.24"]
[Round "5.4"]
[White "Zaksaite, Salomeja"]
[Black "Plivcevic, Ivana"]
[Result "1-0"]
[WhiteTitle "WIM"]
[WhiteElo "2184"]
[BlackElo "1881"]
[WhiteTeam "MRU - Vilniaus Fortas"]
[BlackTeam "Rudar Prijedor"]
[WhiteFideId "12801496"]
[BlackFideId "14402882"]
[EventDate "2013.10.20"]

1. e4 e6 2. d4 d5 3. Nd2 Nf6 4. e5 Nfd7 5. Ngf3 c5 6. c3 Be7 7. Bd3 Nc6 8. O-O
O-O 9. Re1 cxd4 10. cxd4 f5 11. exf6 Nxf6 12. Nb3 Bd6 13. Bg5 Qc7 14. Rc1 Bf4
15. Bxf4 Qxf4 16. Nc5 Ng4 17. Bb1 Qh6 18. h3 Nf6 19. Qe2 Nh5 20. Qe3 Nf4 21. Rc3
e5 22. Nxe5 Nxe5 23. Qxe5 Qh4 24. Rg3 Rf6 25. Qe7 Qh6 26. Qd8+ Rf8 27. Re8 g6
28. Rxf8+ Qxf8 29. Qxf8+ Kxf8 30. Rf3 g5 31. g3 1-0

[Event "18th ECC w 2013"]
[Site "Rhodes GRE"]
[Date "2013.10.24"]
[Round "5.4"]
[White "Jacimovic, Sara"]
[Black "Batkovskyte, Dominyka"]
[Result "0-1"]
[WhiteElo "2000"]
[BlackElo "2082"]
[WhiteTeam "Rudar Prijedor"]
[BlackTeam "MRU - Vilniaus Fortas"]
[WhiteFideId "14403668"]
[BlackFideId "12803243"]
[EventDate "2013.10.20"]

1. d4 d6 2. Nf3 Nf6 3. c4 Nbd7 4. Nc3 e5 5. e3 c6 6. Be2 Qc7 7. O-O g6 8. b3 Bg7
9. dxe5 dxe5 10. Ba3 Bf8 11. Bb2 Be7 12. Nd2 O-O 13. Kh1 Re8 14. Rc1 Bf8 15. Qc2
Bg7 16. Rfd1 Nf8 17. Nde4 Bf5 18. Nxf6+ Bxf6 19. Bd3 e4 20. Be2 Be5 21. g3 h5
22. Na4 Nd7 23. Ba3 Nf6 24. Bf1 Qc8 25. Bg2 Bg4 26. Rd2 h4 27. gxh4 Bf3 28. Bxf3
Qh3 0-1